Surgical Management of Nasal Obstruction : (Record no. 606426)

MARC details
000 -LEADER
fixed length control field 00486nam a2200181 a 4500
008 - FIXED-LENGTH DATA ELEMENTS--GENERAL INFORMATION
fixed length control field 260101s2009##################000#0#eng##
020 ## - INTERNATIONAL STANDARD BOOK NUMBER
ISBN 9781437705966
082 04 - DEWEY DECIMAL CLASSIFICATION NUMBER
Classification number 617.51
Item number BEC
100 1# - MAIN ENTRY--AUTHOR NAME
Personal name Becker, Samuel S.,
245 10 - TITLE STATEMENT
Title Surgical Management of Nasal Obstruction :
260 ## - PUBLICATION, DISTRIBUTION, ETC. (IMPRINT)
Name of publisher Clinics: Surgery,
Year of publication 2009.
650 #0 - SUBJECT ADDED ENTRY--TOPICAL TERM
Topical Term Medical.
942 ## - ADDED ENTRY ELEMENTS (KOHA)
Koha item type English Books

No items available.

Find us on the map